Digitalizácia a zmeny spotrebiteľského správania bakalárska práca

Guardado en:
Detalles Bibliográficos
Autor principal: Španková, Linda
Autor Corporativo: Obchodná fakulta EU. Katedra medzinárodného obchodu
Otros Autores: Pásztorová, Janka, 1960-
Formato: Libro
Lenguaje:eslovaco
Publicado: Bratislava 2014
Etiquetas: Agregar Etiqueta
Sin Etiquetas, Sea el primero en etiquetar este registro!

MARC

LEADER 00000nbm a2200000 4500
001 0188371
005 20170201102158.7
041 0 |a slo 
044 |a SK 
245 1 0 |a Digitalizácia a zmeny spotrebiteľského správania  |b bakalárska práca  |c Linda Španková ; školiteľ: Janka Pásztorová 
264 1 |a Bratislava  |c 2014 
300 |a 54 s. 
100 1 |a Španková, Linda 
700 1 |a Pásztorová, Janka, 1960- 
710 2 |a Obchodná fakulta EU. Katedra medzinárodného obchodu